000 00716nai a2200193Ia 4500
003 IN-BaIIA
008 211028c9999 xx s 000 0 eng d
022 _a1943-0655 (Online)
040 _cIIA Library
245 0 _aIEEE Photonics Journal
_h[eJournal]
260 _aNew York, USA
_bThe Institute of Electrical and Electronics Engineers, Inc. (IEEE)
310 _aBimonthly
362 _a1(1); 2009 - Present
521 _bSubscribed through National Knowledge Resource Consortium (NKRC)
650 _a Photonics and Electrooptics
650 _aEngineered Materials, Dielectrics and Plasmas
856 _uhttps://ieeexplore.ieee.org/servlet/opac?punumber=4563994
_yClick Here to Access eJournal
942 _cEJ
999 _c34574
_d34574